| 000 | 00000nas 2200000za 4500 |
| 001 | 9.823706 |
| 003 | CaOODSP |
| 005 | 20221107143946 |
| 007 | cr ||||||||||| |
| 008 | 160906d19191919oncar p oss f0###a0eng|d |
| 040 | |aCaOODSP|beng |
| 043 | |an-cn--- |
| 086 | 1 |aCS56-203E-PDF |
| 245 | 00|aSummary of telephone statistics of Canada |h[electronic resource]. |
| 260 | |a[Ottawa : |bDominion Bureau of Statistics, Transportation Division, |c1920?] |
| 310 | |aAnnual |
| 362 | 0 |a1918/1919. |
| 500 | |aDigitized edition from print [produced by Statistics Canada]. |
| 520 | |aAnnual report on operating expenses, revenue, companies and employees, and usage statistics for telephones in Canada. |
| 692 | 07|2gccst|aTelephones |
| 710 | 1 |aCanada.|bDominion Bureau of Statistics.|bTransportation Division. |
| 780 | 00|tTelephone statistics of the Dominion of Canada for the year ended June 30, ... |w(CaOODSP)9.823705 |